Hamilton Songs - Statistics

General Stats
  • This quiz has been taken 538 times
  • The average score is 11 of 15
Answer Stats
Line Word % Correct
The _____ was wide enough world
95%
_________ has my vote Jefferson
94%
Burning the _______ that might have redeemed you letters
92%
We're reliable with the ______! ladies
88%
I'm John _______ in the place to be! Laurens
85%
Revolution's happening in ___ ____ New York
83%
How 'bout when I get back, we all strip down to our _____? socks
79%
Alexander come back to _____ sleep
75%
I'm _____ gonna stop until I make 'em drop never
70%
My dog speaks more __________ than thee eloquently
66%
That's that ______ guy that spoke to me little
65%
An _________ embezzling our government funds immigrant
63%
We were sick and she was _______ me holding
57%
A sign of the _____ at the door cross
47%
When thye ided they left no ____________ instructions
34%
No matching quizzes found
Score Distribution
Percent of People with Each Score
Percentile by Number Answered
Your Score History
You have not taken this quiz